Online
Catalog

Historia de los caciques de Haití / (Record no. 20480)

MARC details
000 -CABECERA
campo de control de longitud fija 01053nam a2200301 i 4500
001 - NÚMERO DE CONTROL
campo de control 000020977
003 - IDENTIFICADOR DEL NÚMERO DE CONTROL
campo de control DO-SdBNP
005 - FECHA Y HORA DE LA ÚLTIMA TRANSACCIÓN
campo de control 20250318152235.0
007 - CAMPO FIJO DE DESCRIPCIÓN FÍSICA--INFORMACIÓN GENERAL
campo de control de longitud fija ta
008 - DATOS DE LONGITUD FIJA--INFORMACIÓN GENERAL
campo de control de longitud fija 100825s1982 dr 001 0 spa d
040 ## - FUENTE DE LA CATALOGACIÓN
Centro catalogador/agencia de origen DO-SdBNP
Lengua de catalogación spa
Centro/agencia transcriptor BNPHU
Normas de descripción rda
082 #4 - NÚMERO DE LA CLASIFICACIÓN DECIMAL DEWEY
Número de clasificación 972.9402
Número de documento/Ítem N287h
Número de edición 22
100 1# - ENTRADA PRINCIPAL--NOMBRE DE PERSONA
Nombre de persona Nau, Emilio
9 (RLIN) 43921
Término indicativo de función/relación autor
245 10 - MENCIÓN DE TÍTULO
Título Historia de los caciques de Haití /
Mención de responsabilidad, etc. Emilio Nau ; prólogo, Bernardo Vega.
264 #1 - PRODUCCIÓN, PUBLICACIÓN, DISTRIBUCIÓN, FABRICACIÓN Y COPYRIGHT
Producción, publicación, distribución, fabricación y copyright Santo Domingo :
Nombre del de productor, editor, distribuidor, fabricante Editora de Santo Domingo;
-- Sociedad Dominicana de Bibliófilos,
Fecha de producción, publicación, distribución, fabricación o copyright 1982.
300 ## - DESCRIPCIÓN FÍSICA
Extensión xxxv, 316 páginas ;
Dimensiones 23 cm.
336 ## - TIPO DE CONTENIDO
Fuente rdacontent
Término de tipo de contenido texto
Código de tipo de contenido txt
337 ## - TIPO DE MEDIO
Fuente rdamedia
Nombre/término del tipo de medio sin mediación
Código del tipo de medio n
338 ## - TIPO DE SOPORTE
Fuente rdacarrier
Nombre/término del tipo de soporte volumen
Código del tipo de soporte nc
490 ## - MENCIÓN DE SERIE
Mención de serie Cultura dominicana
Designación de volumen o secuencia 46
500 ## - NOTA GENERAL
Nota general Incluye notas explicativas.
590 ## - NOTA LOCAL (RLIN)
Nota local Inventariado, 2020/ YL
650 #4 - PUNTO DE ACCESO ADICIONAL DE MATERIA--TÉRMINO DE MATERIA
Término de materia o nombre geográfico como elemento de entrada Haití
Subdivisión general Historia
9 (RLIN) 43922
651 #4 - PUNTO DE ACCESO ADICIONAL DE MATERIA--NOMBRE GEOGRÁFICO
Nombre geográfico América --
Subdivisión general Descubrimiento y exploración --
-- Españoles
Subdivisión de forma Ensayo, conferencias, etc.
9 (RLIN) 544
700 1# - PUNTO DE ACCESO ADICIONAL--NOMBRE DE PERSONA
Nombre de persona Vega, Bernardo,
Fechas asociadas al nombre 1938 -
Término indicativo de función/relación prólogo
9 (RLIN) 3222
910 ## - DATOS DE OPCIÓN DEL USUARIO (OCLC)
Datos de opción del usuario YL
942 ## - ELEMENTOS DE PUNTO DE ACCESO ADICIONAL (KOHA)
Fuente del sistema de clasificación o colocación Dewey Decimal Classification
Tipo de ítem Koha Libro
Holdings
Estado de retiro Estado de pérdida Fuente del sistema de clasificación o colocación Restricciones de uso No para préstamo Código de colección Localización permanente Ubicación/localización actual Ubicación en estantería Fecha de adquisición Fuente de adquisición Signatura topográfica completa Código de barras Fecha visto por última vez Precio válido a partir de Tipo de ítem Koha Nota pública Número de copia
    Dewey Decimal Classification Excluido de préstamo   Patrimonio Dominicano Biblioteca Nacional Pedro Henríquez Ureña Biblioteca Nacional Pedro Henríquez Ureña Depósito 25.08.2013 Donación BNPHU PD 972.9402 N287 20977-10 25.06.2020 25.06.2020 Libro Perteneció a la biblioteca personal de la familia Reyes Duluc.  
    Dewey Decimal Classification Excluido de préstamo   Patrimonio Dominicano Biblioteca Nacional Pedro Henríquez Ureña Biblioteca Nacional Pedro Henríquez Ureña En catalogación 19.07.2011 Donación BNPHU PD 972.9402 N287 20977-20 25.06.2020 25.06.2020 Libro Perteneció a la biblioteca personal de Germán Emilio Ornes. e. 2
    Dewey Decimal Classification Préstamo en sala   Dominicana de Servicio Biblioteca Nacional Pedro Henríquez Ureña Biblioteca Nacional Pedro Henríquez Ureña Depósito 11.07.2019 Donado por Graciela Geraldo BNPHU DS 972.9402 N287 20977-30 25.06.2020 25.06.2020 Libro   e. 3
    Dewey Decimal Classification Préstamo en sala   Dominicana de Servicio Biblioteca Nacional Pedro Henríquez Ureña Biblioteca Nacional Pedro Henríquez Ureña Depósito 12.02.2020 Donación BNPHU DS 972.9402 N287 2020-0343 03.11.2020 25.06.2020 Libro   e. 4
    Dewey Decimal Classification Préstamo en sala   Dominicana de Servicio Biblioteca Nacional Pedro Henríquez Ureña Biblioteca Nacional Pedro Henríquez Ureña En catalogación 08.02.2023 Donado por Ubi Rivas BNPHU DS 972.9402 N287h 2023-0754 08.02.2023 08.02.2023 Libro   e.5

Powered by Koha